| 000 | 00469nam a2200169 i 4500 | ||
|---|---|---|---|
| 001 | 134638 | ||
| 003 | ES-MaACL | ||
| 005 | 20230906194720.0 | ||
| 007 | t| | ||
| 008 | 070912s1971 mx ||||1| spa d | ||
| 100 | 1 |
_aYáñez, Agustín. _9117566 |
|
| 245 | 1 | 3 |
_aLa creación / _cpor Agustín Yáñez. |
| 250 | _a[1ª reimpr.]. | ||
| 260 |
_a[México] : _bFondo de Cultura Económica, _c[1971] |
||
| 300 |
_a309 p. ; _c18 cm. |
||
| 852 |
_aES-MaACL _jC-56716 _bR.89458 |
||
| 999 |
_c134638 _d134638 |
||